00439nam a2200121Ia 4500008004100000024005600041082001700097100008200114245003100196260002500227600003200252650003300284250506s9999 xx 000 0 und d a08B-005-CE, 08B-011-CE, 08B-016-CE & 08B-031-CE a005.1072 KHA aMuhammad Ghous Khan, Muhammad Fakher-Ud-Din, Haider Ali Khan & Mufassir Mirza 0aComputerized Voting System aKarachi:bUIT,c2008 aComputer System Engineering aBachelor of Engineering (BE)